00531nam a2200133Ia 4500008004100000082001700041100002200058245008600080260002100166300001100187440005200198500008400250650006300334120622s9999 xx 000 0 und d a153.15 B894h aBruner, Jerome S. aHacia una teoría de la instrucción / Jerome S. Bruner ; tr. por Nuria Parés aMéxico : UTEHA a234 p. aManuales UTEHA ; 373. Sección 17. Educación aIncluye índice alfabético \ Traducción de: Toward a theory of instruction a1. PSICOLOGIA DEL APRENDIZAJE \ 2. PSICOLOGIA EDUCATIVAÌ